| 000 | 00509nam a2200181Ia 4500 | ||
|---|---|---|---|
| 001 | 9281 | ||
| 005 | 20260306160712.0 | ||
| 008 | 260306t2014||||xx |||||||||||||| ||spa|| | ||
| 041 | _aESP | ||
| 082 |
_a378.059854 _bD53 |
||
| 100 |
_aDelgado Butrón, César _eAUT |
||
| 245 | 0 |
_aPrimera promoción: _bFacultad de Medicina de la Universidad Nacional de San Agustín de Arequipa 1964-2014 |
|
| 260 | _c2014 | ||
| 300 |
_a228 páginas : _c25 cm. |
||
| 650 | _aGEN | ||
| 654 | _aCED | ||
| 942 |
_cLIB _dJUS _fJUS _2ddc _n |
||
| 999 |
_c9281 _d9281 |
||